Evaluer leur savoir lire

Kaydedildi:
Detaylı Bibliyografya
Yazar: Rémond, Martine (Yazar)
Materyal Türü: Kitap
Dil:Fransızca
Baskı/Yayın Bilgisi: París Institut National de Recherche Pédagogique 1986
Konular:
Etiketler: Etiketle
Etiket eklenmemiş, İlk siz ekleyin!

MARC

LEADER 00000nam a2200000 a 4500
001 UCQ7979
003 CL-VaPUC
008 981121e19860000FR |||||||||||||||||fre|d
082 0 4 |a 448.07  |b REM  |2 21 
100 0 |a Rémond, Martine  |e author  |9 421802 
245 1 0 |a Evaluer leur savoir lire 
300 |a 219 p 
942 |c BK 
945 |d 19981121 00:00:00  |a crobeson 
260 |a París  |b Institut National de Recherche Pédagogique  |c 1986 
650 7 |a FRANCES  |2 CL-VaPUC  |9 259059 
650 0 |a Enseñanza de idiomas  |9 339820 
650 0 |a Educación lingüística  |9 306506 
650 0 |a Lingüística aplicada   |9 313266 
583 |a last modification  |c 19981121 00:00:00  |k Rodrigo Vera 
999 |c 277351  |d 277349 
952 |0 0  |1 0  |4 0  |6 448_070000000000000_REM_1986  |7 0  |8 A  |9 315244  |a FDOPOS  |b FDOPOS  |d 2019-11-20  |i 1495658  |o 448.07 REM 1986  |p 1495658  |r 2025-01-22  |w 2019-11-20  |y BK  |k MLA